[Event "Caioba Copel op 5th"]
[Site "Caioba"]
[Date "2019.08.16"]
[Round "3"]
[White "Lima, Guilherme Ezequiel"]
[Black "Koinski, Carlos Cesar"]
[Result "0-1"]
[WhiteElo "1800"]
[BlackElo "1486"]
[PlyCount "58"]
[EventDate "2019.08.15"]
[EventType "swiss"]
[EventRounds "6"]
[EventCountry "BRA"]
[SourceTitle "EXT 2020"]
[Source "ChessBase"]
[SourceDate "2019.10.17"]
[SourceVersion "1"]
[SourceVersionDate "2019.10.17"]
[SourceQuality "1"]

1. Nf3 d5 2. e3 c5 3. e4 dxe4 4. Ne5 Qd5 5. Nc4 Nf6 6. Nc3 Qd8 7. Nb5 a6 8. Nc3 Nc6 9. d3 exd3 10. cxd3 e6 11. Bg5 Be7 12. Be2 b5 13. Ne3 Bb7 14. a3 Nd4 15. Bf1 h6 16. Bh4 Bc6 17. b4 cxb4 18. axb4 Bxb4 19. Qc1 Nb3 20. Qb2 Qd4 21. Ned1 Nxa1 22. Qxa1 Qxh4 23. Qb1 Nd5 24. Kd2 Nxc3 25. Nxc3 Qxf2+ 26. Kd1 Bxc3 27. Qc1 b4 28. h4 Ba4+ 29. Qc2 Qxc2# 0-1